| 000 | 00758nam a2200241Ia 4500 | ||
|---|---|---|---|
| 003 | OSt | ||
| 005 | 20220926014020.0 | ||
| 006 | a|||||r|||| 00| 0 | ||
| 007 | ta | ||
| 008 | 220923b |||||||| |||| 00| 0 eng d | ||
| 037 | _cGeneral Book | ||
| 040 |
_aRTL _cRTL _beng |
||
| 041 |
_2eng _aeng |
||
| 082 | _aXM8.1(X).N7, L8 | ||
| 100 |
_aSolomon Lewis D _9319506 |
||
| 245 | 0 | _aMultinational corporations and the emerging world | |
| 260 |
_aNew York _bKennikal Press _c1978 |
||
| 300 |
_a261p _ccm. |
||
| 490 | _aNational University Publications. Food and Agriculture Organization, Industry Corporative Programme | ||
| 650 | _aMultinational | ||
| 942 |
_hXM8.1(X).N7, L8 _cGB _2CC |
||
| 999 |
_c627495 _d627495 |
||